<?xml version="1.0" encoding="UTF-8"?>
<collection xmlns="http://www.loc.gov/MARC21/slim">
  <record>
    <leader>00000nam  2200000   4500</leader>
    <controlfield tag="001">INLIS000000000015747</controlfield>
    <controlfield tag="005">20230830023600</controlfield>
    <datafield tag="035" ind1="#" ind2="#">
      <subfield code="a">0010-0823000073</subfield>
    </datafield>
    <controlfield tag="007">ta</controlfield>
    <controlfield tag="008">230830################|##########|#|##</controlfield>
    <datafield tag="084" ind1="#" ind2="#">
      <subfield code="a">R 181 PIM II 2022</subfield>
    </datafield>
    <datafield tag="100" ind1=" " ind2="#">
      <subfield code="a">Heri Hermawan</subfield>
    </datafield>
    <datafield tag="245" ind1="1" ind2="#">
      <subfield code="a">Membangun Karakter Pancasila Melalui Komunitas Belajar Mandiri /</subfield>
      <subfield code="c">Heri Hermawan</subfield>
    </datafield>
    <datafield tag="250" ind1="#" ind2="#">
      <subfield code="a">1</subfield>
    </datafield>
    <datafield tag="260" ind1="#" ind2="#">
      <subfield code="a">Jakarta :</subfield>
      <subfield code="b">Pusbangkom Pimnas dan Manajerial ASN,</subfield>
      <subfield code="c">2022</subfield>
    </datafield>
    <datafield tag="300" ind1="#" ind2="#">
      <subfield code="a">180 halaman :</subfield>
      <subfield code="b">ilus ;</subfield>
      <subfield code="c">30 cm</subfield>
    </datafield>
    <datafield tag="650" ind1="#" ind2="4">
      <subfield code="a">Pancasila</subfield>
    </datafield>
    <datafield tag="520" ind1="#" ind2="#">
      <subfield code="a">Kondisi saat ini di BPIP menggambarkan bahwa kemampuan penyelenggaraan Diklat PIP oleh Deputi Bidang Pendidikan dan Pelatihan dalam membumikan nilai-nilai Pancasila setiap tahunnya masih sangat terbatas jumlahnya kepada setiap warga negara. Sedangkan tantangan terbesar bangsa ini adalah kurangnya kesadaran warganegara dan anggota masyarakat dalam memahami nilai-nilai Pancasila sebagai jati diri bangsa. Akibatnya generasi muda terpengaruh oleh ideologi lain yang berasal dari luar. Pada proyek peubahan ini, penyelenggaraan diklat PIP dirancang dengan menggunakan model nonklasikal dengan pola belajar mandiri, dimana diklat diselenggarakan dengan menggunakan platform aplikasi berbasis Learning Management System (LMS).</subfield>
    </datafield>
    <datafield tag="856" ind1="#" ind2="#">
      <subfield code="a">Perpustakaan LAN Pusat</subfield>
    </datafield>
  </record>
</collection>
